000 00777nam a2200241Ia 4500
003 OSt
005 20220923221313.0
006 a|||||r|||| 00| 0
007 ta
008 220922b |||||||| |||| 00| 0 hin d
024 _a196,870
037 _cTextual
040 _aARTS
_cARTS
_bhin
041 _2hin
_ahin
082 _aP152, 152L3
100 _aमिश्र, विन्दुमाधव
_9156365
245 0 _aहिन्दी भाषा का परिचय
246 _aHindī bhāṣhā kā parichaya
260 _aदिल्ली
_b राजेश प्रकाशन
_c1973
300 _a244पृ.
_ccm.
942 _hP152, 152L3
_cTEXL
_2CC
999 _c348741
_d348741